000 00384nam a22001691a 4500
020 _a9788185829371
082 _aH 796.812 092
_bHAR/P
100 _aHarphool Singh
245 _aPahalwan kaise banen/
_cby Harphool Singh
260 _aNew Delhi:
_bJnan,
_c1998.
300 _a128p.
650 _aWrestling
650 _aGames
650 _aSports
650 _aArts
942 _cBK
999 _c33088
_d33088